=LDR 00000nam 2200000 4500 =001 INLIS000000000005123 =005 20130612093359 =008 ***********************************Ind** =035 ##$$0010-061300000005123 =041 ##$$a Ind =082 ##$$a 633.58 =090 ##$$a 633.58, Win r =100 ##$$a WINARNO, F.G =245 ##$$a Rebung, Teknologi produksi dan pengolahan, F.G. Winarno =260 ##$$a 1992 $b Jakarta =300 ##$$a 99 hlm, ilus, 21 cm =650 ##$$a Rebung =850 ##$$a NBPNMAT